Statistics for Roman Polanski Movies

Click here to take the quiz!

General Stats

  • This quiz has been taken 175 times
  • The average score is 8 of 21

Answer Stats

Hint Answer % Correct
1968Rosemary's Baby
88%
2002The Pianist
87%
1974Chinatown
77%
1965Repulsion
54%
1962Knife in the Water
45%
2010The Ghost Writer
45%
1979Tess
42%
2011Carnage
40%
1976The Tenant
40%
1999The Ninth Gate
37%
1988Frantic
36%
1967Dance of the Vampires
35%
1971Macbeth
34%
2005Oliver Twist
32%
2013Venus in Fur
32%
1986Pirates
29%
1966Cul-de-sac
27%
1992Bitter Moon
24%
1994Death and the Maiden
19%
1972What?
15%
1964Les plus belles escroqueries du monde
1%

Score Distribution

Percentile by Number Answered

Percent of People with Each Score

Your Score History

You have not taken this quiz